01912 a2200217 4500003000500000005001700005010001600022020001500038040000900053082001300062100001600075245004800091250000700139260005600146300003300202505134000235538002901575600001501604650004101619650003401660Nust20170207153047.0 a 89061420 a8185749752 cNust00a621.38151 aGupta .J.B.10aElectronic devices and circuitscJ. B Gupta a  aNew Delhi :b S.K. Kataria & Sons Pub. Co.,cc1990. axi, 1209p. :bill. ;c25 cm. aIntroductory Concepts (Page-1) Electron Emission (Page-41) Electron Tubes (Page-53) Semiconductor Physics (Page-88) Semiconductor Diodes (Page-135) Zeners and Other TWO-Terminal Devices (Page-163) DC Power Supplies (Page-188) Bipolar Junction Transistors (Page-221) Field Effect Transistors (Page-267) Hybrid Parameters (Page-324) Transistor Biasing and Thermal Stabilization (page-342) Signal Stage Transistor Amplifiers (Page-369) Multistage Amplifiers (Page-420) Large Signal or Power Amplifiers (Page-457) Feedback in Amplifiers (Page-494) Thyristors and Unijuntion Transistors (Page-536) Modulation and Demodulation (Page-595) Optoelectronic Devices (Page-629) Sinusoidal Oscillators (Page-651) Wave shaping Circuits (Page-691) Swathing Circuits (Multivibrators) (Page- 727) Time Base Generators (Page-755) Integrated Circuits (Page-763) Operational Amplifier (Page-777) NON-Sinusoidal Waveform Generations (Page-845) Phase-Locked Loop (page-873) Active Filters (Page-882) Regulated Power Supplies (Page-907) Number System and Codes (page-943) Logic Gates, Boolean Algebra and Logic Families (Page-970) Introduction to Microprocessor and Microcomputer (Page-1041) Digital Measurements and Instruments (Page-1052) Electronic Instruments (Page-1075) Cathode Ray Oscilloscope (page-1098) Objective Questions With Answer(Page-1120) aAlmirah No.34 Shelf No.3 aGupta .J.B 0aElectronic apparatus and appliances. 0aTelecommunication engineering